| 000 | 01592nam a2200133Ia 4500 | ||
|---|---|---|---|
| 008 | 220616s9999||||xx |||||||||||||| ||und|| | ||
| 020 | _a9783040000000 | ||
| 245 | 0 | _aAgricultural Diversification | |
| 546 | _aEnglish[eng] | ||
| 650 | _ablue prawn||black tiger shrimp||economic efficiency||farming systems||salinity intrusion||soil salinity||white-legged shrimp||big blue stem||Cave in rock||claypan||forbs||legumes||intercropping||cropping systems||Sub-Saharan Africa||millet and sorghum||diversification||monocultivar||mixed-species plantation||biodiversity||arthropod||soil||on-farm biodiversity indicators||lupin||triticale||weeds||nitrogen||convolutional neural network||light competition||transfer learning||growth stages||mixed cropping||accumulate growing degree days||phyllochron||grass regrowth||leaf sheaths||blades||agricultural sustainability||crop rotation||rice||eco-economic benefit||externality||perennial cropping systems||grape production||medicinal and aromatic plants||grapevine yield||must quality||experimental design||aboveground mass||black medick||Egyptian clover||grain yield||nutrients||white clover||foodshed||archipelago||city region||food modelling||food self-sufficiency||self-reliance||food security||agricultural diversification||food planning||regional food system||crop diversification||small farms||HHI-Index||Poland||biochar||sunflower husk||soil respiration||soybean||n/a | ||
| 700 | _aDi Bene, Claudia||Francaviglia, Rosa||Farina, Roberta||Ãlvaro-Fuentes, Jorge||Zornoza, Raúl | ||
| 856 | _uhttps://mdpi.com/books/pdfview/book/5198 | ||
| 942 | _cEB | ||
| 999 |
_c19320 _d19320 |
||